LEADER 01270nam a2200265 u 4500 001 000000037096 003 CaOOAMICUS 005 20070226113728.0 008 980401s1969 it u000 u ita u 035 $a10788662 040 $aPUL(R)$bita 100 1 $aCassese, Sabino.$0(OLS)http://pul/name/27912 245 12$aI beni pubblici :$bcircolazione e tutela /$cSabino Cassese. 260 $aMilano :$bA. Giuffrè,$c1969. 300 $axv, 540 p. ;$c25 cm 490 1 $aUniversità degli studi di Roma. Monografie dell'Istituto di diritto pubblico della Facoltà di giurisprudenza dell'Università di Roma. Nuova serie ;$v40 500 $aContiene indici. 504 $aBibliografia in nota. 650 4$aProprietà.$0(OLS)http://pul/subject/1843 830 0$aMonografie dell'Istituto di diritto pubblico della Facoltà di Giurisprudenza (Università degli studi di Roma).$pNuova serie ;$v40.$0(OLS)http://pul/title/10229 850 $aPUL 852 $aPUL$W1$xDP2 Diritto Canonico 1$y64$m167 A 101.40$j50748$nBK-PRI$qStampati$B50748$CPULBib$Z2$F50748 $H30128 $82 941 1 $a8 996 $6245$aI beni pubblici :$bcircolazione e tutela$9(OLS)http://pul/title/50563 996 $6260$aMilano :$bA. Giuffrè$9(OLS)http://pul/publisher/48096 LEADER 01777nam a2200361 u 4500 001 000000080040 003 CaOOAMICUS 005 20070226123613.0 008 040622s2002 it d u000 u ita u 020 $a8834307275 035 $a11001294 040 $aPUL$bita 041 1 $aita$hfre 100 1 $aMoutsopoulos, Evanghélos A.$0(OLS)http://pul/name/53335 240 10$aMusique dans l'{OElig}uvre de Platon.$lItaliano.$0(OLS)http://pul/title/104847 245 13$aLa musica nell'opera di Platone /$cEvanghélos Moutsopoulos ; introduzione di Giovanni Reale ; trduzione di Francesca Filippi. 260 $aMilano :$bV&P Università,$cc2002. 300 $a454 p. :$bdiagr. ;$c22 cm 490 1 $aPubblicazioni del Centro di ricerche di metafisica.$aCollana Temi metafisici e problemi del pensiero antico ;$v88 500 $aIndici : p. [415]-454. 504 $aComprende bibliografia. 600 04$aPlato,$d427-347 a.C.$0(OLS)http://pul/subject/73 650 4$aMusica$zGrecia antica.$0(OLS)http://pul/subject/16091 700 1 $aFilippi, Francesca.$0(OLS)http://pul/name/44369 700 1 $aReale, Giovanni,$d1931-2014.$0(OLS)http://pul/name/667 830 0$aPubblicazioni del Centro di ricerche di metafisica.$pCollana Temi metafisici e problemi del pensiero antico ;$v88.$0(OLS)http://pul/title/828 850 $aPUL 852 $aPUL$W1$xSL Filosofia 2$y80$mPhil A10b 88$j102286$nBK-PRI$b $qStampati altre collocazioni$B102286$CPULBib$Z2$F102286 $HPUL87803 $81 941 1 $a10 960 $aPlatone,$d427-347$973 996 $6020$a8834307275$9(OLS)http://pul/number/105601 996 $6245$aLa musica nell'opera di Platone$9(OLS)http://pul/title/104848 996 $6260$aMilano :$bV&P Università$9(OLS)http://pul/publisher/69887